READING: triumphs

Guardat en:
Dades bibliogràfiques
Autor principal: J. David Cooper
Format: Llibre
Idioma:anglès
Publicat: Houghton Mifflin 2005.
Etiquetes: Afegir etiqueta
Sense etiquetes, Sigues el primer a etiquetar aquest registre!

MARC

LEADER 00000nam a22000007a 4500
008 210526b ||||| |||| 00| 0 eng d
020 |a 0-618-24151-5  
100 |a J. David Cooper 
245 |a READING: triumphs  |c Cooper, J. David 
260 |b Houghton Mifflin  |c 2005.  |h Boston:  |i 693722, 693723, 693724, 693725   |l LB1050 .R22  |m Reading 
942 |a lcc  |c BK  |e Mr ogunleye  |f 26/5/2021 
952 |0 0  |1 0  |2 lcc  |4 0  |6 LB1050 R22  |7 0  |9 2443  |a HOL  |b HOL  |d 2021-05-26  |l 0  |o LB1050 .R22  |p 2021-6295  |r 2021-05-26 00:00:00  |w 2021-05-26  |y BK 
952 |0 0  |1 0  |2 lcc  |4 0  |6 LB1050 R22  |7 0  |9 2444  |a HOL  |b HOL  |d 2021-05-26  |l 0  |o LB1050 .R22  |p 2021-6296  |r 2021-05-26 00:00:00  |w 2021-05-26  |y BK 
952 |0 0  |1 0  |2 lcc  |4 0  |6 LB1050 R22  |7 0  |9 2445  |a HOL  |b HOL  |d 2021-05-26  |l 0  |o LB1050 .R22  |p 2021-6297  |r 2021-05-26 00:00:00  |w 2021-05-26  |y BK 
952 |0 0  |1 0  |2 lcc  |4 0  |6 LB1050 R22  |7 0  |9 2446  |a HOL  |b HOL  |d 2021-05-26  |l 0  |o LB1050 .R22  |p 2021-6298  |r 2021-05-26 00:00:00  |w 2021-05-26  |y BK 
999 |c 1272  |d 1272